Lwanda Magere / (Record no. 3781)
[ view plain ]
| 000 -LEADER | |
|---|---|
| fixed length control field | 00605cam a22002052 4500 |
| 001 - CONTROL NUMBER | |
| control field | 0000018646 |
| 005 - DATE AND TIME OF LATEST TRANSACTION | |
| control field | 20151217145906.0 |
| 008 - FIXED-LENGTH DATA ELEMENTS--GENERAL INFORMATION | |
| fixed length control field | 100224s xx 000 0 eng d |
| 020 ## - INTERNATIONAL STANDARD BOOK NUMBER | |
| International Standard Book Number | 9966466525 : |
| 040 ## - CATALOGING SOURCE | |
| Original cataloging agency | KABU |
| Transcribing agency | KABU |
| 100 1# - MAIN ENTRY--PERSONAL NAME | |
| Personal name | Okoiti, Okiya Omtata. |
| -- | 0000177968 |
| 245 10 - TITLE STATEMENT | |
| Title | Lwanda Magere / |
| Statement of responsibility, etc. | Okiya Omtata Okoiti. |
| 250 ## - EDITION STATEMENT | |
| Edition statement | 1st ed. |
| 260 ## - PUBLICATION, DISTRIBUTION, ETC. (IMPRINT) | |
| Place of publication, distribution, etc. | Nairobi : |
| Name of publisher, distributor, etc. | E. A. E. P., |
| Date of publication, distribution, etc. | 1991. |
| 300 ## - PHYSICAL DESCRIPTION | |
| Extent | vi, 112 p. |
| 852 1# - LOCATION | |
| -- | p305 KES |
| 852 1# - LOCATION | |
| -- | p305 KES |
| 908 ## - PUT COMMAND PARAMETER (RLIN) | |
| Put command parameter | 100224 |
| 950 ## - LOCAL HOLDINGS (RLIN) | |
| -- | 1 |
| Withdrawn status | Lost status | Source of classification or shelving scheme | Damaged status | Not for loan | Home library | Current library | Date acquired | Total Checkouts | Total Renewals | Full call number | Barcode | Date last seen | Date last checked out | Price effective from | Koha item type |
|---|---|---|---|---|---|---|---|---|---|---|---|---|---|---|---|
| Lost | Library of Congress Classification | Kabarak, Main Campus | Kabarak, Main Campus | 17/12/2015 | 1 | 1 | PR9381.9 O36L9 1991 c. 5 | 24357 | 25/01/2016 | 25/01/2016 | 17/12/2015 | General Collection | |||
| Library of Congress Classification | Kabarak, Main Campus | Kabarak, Main Campus | 17/12/2015 | PR9381.9 O36L9 1991 c. 3 | 24329 | 17/12/2015 | 17/12/2015 | General Collection | |||||||
| Library of Congress Classification | Kabarak, Main Campus | Kabarak, Main Campus | 17/12/2015 | PR9381.9 O36L9 1991 c. 4 | 24356 | 17/12/2015 | 17/12/2015 | General Collection | |||||||
| Library of Congress Classification | Kabarak, Main Campus | Kabarak, Main Campus | 17/12/2015 | PR9381.9 O36L9 1991 c. 2 | 18617 | 17/12/2015 | 17/12/2015 | General Collection | |||||||
| Library of Congress Classification | Kabarak, Main Campus | Kabarak, Main Campus | 17/12/2015 | PR9381.9 O36L9 1991 c. 1 | 18616 | 17/12/2015 | 17/12/2015 | Africana Collection |